Statistics for World Map 30 X 32 Puzzle - by World Capitals

Click here to take the quiz!

General Stats

  • This quiz has been taken 1,664 times
  • The average score is 693 of 960

Answer Stats

CapitalsPiece% Correct
95%
95%
93%
93%
93%
93%
93%
93%
Washington
93%
93%
93%
93%
93%
93%
93%
93%
93%
93%
93%
93%
93%
93%
93%
93%
93%
93%
93%
92%
92%
92%
92%
92%
92%
92%
92%
92%
92%
92%
92%
92%
92%
91%
91%
91%
Moscow
91%
91%
90%
90%
90%
90%
90%
90%
90%
90%
90%
90%
90%
90%
90%
90%
90%
90%
90%
90%
90%
90%
90%
90%
90%
90%
90%
Ottawa
90%
90%
90%
90%
90%
90%
90%
90%
90%
90%
90%
90%
90%
90%
90%
90%
90%
90%
90%
90%
90%
90%
90%
Paris, Brussels, Bern, Luxembourg, Vaduz
90%
90%
90%
90%
90%
90%
90%
90%
90%
90%
90%
90%
90%
90%
90%
90%
90%
90%
90%
90%
90%
90%
90%
90%
90%
90%
90%
90%
90%
90%
90%
90%
90%
London, Amsterdam
89%
89%
89%
89%
89%
89%
89%
89%
89%
89%
89%
89%
89%
89%
89%
89%
89%
89%
89%
89%
89%
89%
89%
89%
89%
89%
89%
89%
89%
89%
89%
89%
89%
89%
89%
89%
89%
89%
88%
88%
88%
88%
88%
88%
88%
Beijing
88%
88%
88%
88%
88%
88%
88%
88%
88%
88%
88%
88%
88%
88%
88%
88%
88%
88%
87%
87%
87%
87%
87%
87%
87%
87%
87%
87%
87%
87%
87%
87%
87%
87%
87%
87%
87%
87%
87%
87%
87%
87%
87%
87%
87%
86%
86%
86%
86%
86%
86%
Madrid, Lisbon
86%
Rome, Tirana, Vatican City
86%
Berlin, Warsaw
86%
86%
86%
86%
86%
86%
86%
86%
86%
86%
86%
86%
86%
86%
86%
86%
86%
86%
86%
86%
86%
86%
86%
86%
86%
86%
86%
86%
86%
86%
86%
86%
86%
86%
86%
86%
Canberra
86%
86%
86%
86%
86%
86%
86%
86%
86%
86%
85%
85%
85%
85%
Brasília
85%
85%
85%
85%
85%
85%
85%
85%
85%
85%
85%
85%
85%
85%
85%
85%
85%
Oslo
85%
85%
85%
85%
85%
85%
85%
85%
85%
85%
85%
85%
Tokyo
85%
85%
85%
85%
85%
85%
85%
85%
85%
85%
85%
85%
85%
85%
85%
84%
84%
84%
84%
84%
84%
84%
84%
84%
84%
84%
84%
84%
84%
84%
84%
84%
84%
84%
Ankara, Athens
84%
Johannesburg, Maputo, Gaborone, Mbabane
84%
84%
84%
84%
84%
84%
84%
84%
84%
84%
84%
84%
84%
84%
84%
84%
84%
83%
83%
83%
83%
Cairo
83%
83%
83%
83%
82%
Mexico City
82%
82%
82%
Stockholm, Copenhagen
82%
82%
82%
Delhi
82%
82%
82%
82%
82%
82%
82%
81%
81%
81%
81%
81%
81%
81%
81%
81%
81%
Jakarta
81%
81%
81%
81%
81%
81%
81%
81%
80%
80%
80%
80%
80%
Buenos Aires
80%
80%
80%
80%
80%
80%
80%
80%
80%
79%
Caracas, Georgetown, Port-of-Spain
79%
79%
Budapest, Vienna, Prague, Bratislava
79%
79%
79%
79%
79%
79%
79%
79%
79%
79%
79%
79%
78%
78%
78%
78%
78%
Lima
78%
78%
78%
78%
78%
78%
78%
78%
78%
78%
78%
78%
78%
78%
78%
78%
78%
78%
78%
78%
78%
78%
78%
78%
78%
Reykjavik
78%
78%
78%
78%
78%
78%
Algiers, Tunis
78%
Riyadh, Doha, Manama, Abu Dhabi
78%
78%
78%
78%
78%
78%
78%
78%
78%
78%
78%
78%
78%
78%
78%
78%
Wellington
78%
78%
78%
78%
78%
78%
78%
78%
78%
78%
78%
78%
78%
San José, Panama City
77%
77%
77%
77%
77%
77%
77%
77%
Seoul, Pyongyang
77%
76%
Havana
76%
76%
Santiago
76%
76%
76%
76%
76%
76%
Dublin
76%
76%
Kiev, Chisinau
76%
76%
76%
Manila
76%
76%
76%
76%
76%
75%
75%
Baghdad, Damascus, Beirut, Nicosia
75%
75%
75%
75%
75%
75%
75%
75%
75%
75%
Ulan Bator
75%
75%
75%
75%
75%
75%
75%
75%
75%
75%
Bogotá
74%
74%
Belgrade, Zagreb, Sarajevo, Pristina, Skopje, Ljubljana, Podgorica, San Marino
74%
74%
74%
74%
Helsinki
74%
Santo Domingo, Port-au-Prince, Kingston
73%
73%
Riga, Tallinn
73%
72%
72%
72%
72%
72%
72%
Rabat
72%
72%
72%
72%
Tehran
72%
72%
72%
72%
72%
71%
71%
71%
71%
La Paz
71%
71%
Bridgetown, Kingstown, Castries, Roseau, Saint George's
71%
71%
Kabul, Islamabad
71%
71%
71%
Bangkok
71%
71%
71%
71%
71%
71%
71%
70%
70%
70%
70%
Quito
70%
70%
70%
70%
70%
70%
70%
70%
70%
70%
70%
Tripoli
70%
70%
Minsk, Vilnius
70%
70%
70%
70%
70%
70%
70%
70%
Dakar, Bissau, Banjul
69%
Bucharest, Sofia
69%
69%
69%
69%
Hanoi
69%
69%
Kinshasa, Brazzaville
68%
68%
68%
Baku, Yerevan, Tbilisi
68%
68%
67%
Montevideo
67%
67%
67%
67%
67%
67%
67%
67%
67%
67%
67%
67%
67%
67%
67%
67%
67%
67%
67%
67%
67%
67%
67%
San Salvador, Managua, Tegucigalpa
66%
66%
66%
Amman, Jerusalem
66%
66%
65%
Abuja, Porto-Novo
65%
65%
Nairobi
65%
65%
65%
65%
65%
65%
65%
65%
Astana
65%
65%
65%
65%
65%
65%
65%
65%
65%
64%
64%
Accra, Lome, Malabo
64%
64%
64%
64%
64%
64%
Suva, Port-Vila
64%
64%
64%
64%
64%
64%
63%
Monaco, Andorra la Vella
63%
63%
63%
Dhaka
63%
63%
Singapore
63%
62%
Asunción
62%
62%
62%
62%
Tashkent, Dushanbe
62%
62%
62%
Taipei
62%
62%
62%
Port Moresby
62%
62%
61%
Nassau
61%
61%
61%
61%
61%
61%
61%
61%
61%
Kuala Lumpur
61%
61%
61%
61%
61%
61%
Dili
61%
61%
61%
61%
60%
60%
60%
60%
60%
Luanda
60%
60%
Khartoum
60%
60%
Male
60%
60%
Paramaribo
59%
59%
59%
59%
59%
59%
Conakry, Freetown
59%
59%
59%
58%
58%
58%
Sana'a
58%
Djibouti, Asmara
58%
58%
58%
Antananarivo
58%
58%
Muscat
58%
58%
58%
58%
58%
Guatemala City
57%
57%
57%
57%
57%
57%
57%
56%
Bamako, Ouagadougou
56%
56%
56%
Valletta
56%
Windhoek
56%
Mogadishu
56%
Addis Ababa
55%
55%
55%
55%
55%
55%
55%
55%
55%
55%
55%
55%
55%
Kathmandu
55%
55%
55%
54%
54%
54%
54%
54%
Apia
54%
54%
54%
54%
54%
54%
Libreville, Sao Tome
54%
54%
54%
54%
54%
Bishkek
54%
54%
54%
54%
54%
53%
53%
53%
Lusaka
52%
Victoria
52%
52%
52%
Colombo
52%
52%
52%
52%
52%
Belmopan
51%
Yaoundé, Bangui
51%
Kampala, Kigali
51%
Vientiane
50%
50%
50%
49%
49%
Niamey
49%
Juba
49%
49%
49%
49%
49%
Harare
48%
Lilongwe, Moroni
48%
48%
Port Louis
48%
48%
48%
48%
48%
48%
48%
48%
48%
48%
48%
48%
48%
48%
Phnom Penh
48%
Dodoma
47%
47%
Thimphu
47%
46%
Praia
46%
45%
Saint John's, Basseterre
45%
45%
45%
Ashgabat
45%
Honiara
44%
44%
Monrovia
43%
43%
Naypyidaw
43%
Bandar Seri Begawan
43%
43%
43%
43%
43%
Palikir
43%
Tarawa
43%
43%
N'Djamena
41%
Kuwait City
41%
Funafuti
41%
41%
Nuku'alofa
40%
40%
40%
40%
40%
40%
40%
40%
40%
40%
40%
40%
40%
40%
40%
40%
40%
40%
Nouakchott
40%
40%
40%
40%
40%
40%
40%
40%
40%
40%
Yaren
40%
40%
40%
40%
39%
39%
39%
39%
39%
39%
39%
39%
39%
39%
39%
39%
39%
Maseru
39%
39%
39%
39%
39%
39%
39%
39%
39%
39%
39%
39%
39%
39%
39%
39%
39%
39%
39%
39%
39%
39%
Majuro
39%
39%
39%
39%
39%
39%
38%
38%
38%
Melekeok
38%
38%
Yamoussoukro
31%
Bujumbura
29%

Score Distribution

Percentile by Number Answered

Percent of People with Each Score

Your Score History

You have not taken this quiz